000 00312nam a22001217a 4500
999 _c9594
_d9594
003 OSt
008 201203b ||||| |||| 00| 0 eng d
245 _aIndustrial Products Finder
250 _a2011(Annual Vol.39 No.2B)
260 _aChennai
_bIPF Publications
650 _aMechanical Engineering
942 _2ddc
_cBV